| 000 | 00768cam a22002657a 4500 | ||
|---|---|---|---|
| 003 | CHAP | ||
| 005 | 20220329135952.0 | ||
| 008 | 971013s r 00010 d | ||
| 010 | _a44888 | ||
| 011 | _a45860 | ||
| 035 | _a50000 | ||
| 040 | _cCHAP | ||
| 090 | _aR-1469 | ||
| 100 | 0 | 0 |
_aRandolph, L. F. _994573 |
| 245 | 1 | 4 | _aThe origin of maize |
| 500 | _aSobretiro de : Indian J. Gen. Plant Breeding 19 (1) : 1-12, 1959 | ||
| 590 |
_aBATCH-UPD _b10 _c20130110 _lUCH01 _h1721 |
||
| 590 |
_aBATCH-UPD _b10 _c20130410 _lUCH01 _h1105 |
||
| 590 |
_aBATCH-UPD _b10 _c20130914 _lUCH01 _h1751 |
||
| 590 |
_aCONVERSION _b10 _c20130109 _lUCH01 _h1325 |
||
| 650 | 1 | 4 |
_aMaĆz _xHistoria. _970972 |
| 901 | _aBK | ||
| 942 | _cREIMP | ||
| 949 |
_aR-1469 _bBC _cR _d-112557 _eTS1 _i50000 _si |
||
| 999 |
_c44888 _d44888 |
||